Hades - Characters - Statistics

General Stats
  • This quiz has been taken 686 times
    600 since last reset
  • The average score is 26 of 31
Answer Stats
Class Title or description Character % Correct
Bosses The God of the Underworld Hades
97%
Olympian Gods King of the Olympians Zeus
97%
Olympian Gods God of War Ares
96%
Olympian Gods Goddess of Love Aphrodite
95%
House of Hades Hound of Hell Cerberus
95%
Olympian Gods God of the Sea Poseidon
95%
House of Hades The Prince of the Underworld Zagreus
95%
Olympian Gods Goddess of the Hunt Artemis
94%
Olympian Gods Goddess of Wisdom Athena
94%
Olympian Gods Messenger of the Gods Hermes
92%
House of Hades Night Incarnate Nyx
91%
Olympian Gods God of Wine Dionysus
90%
House of Hades Forgotten Hero Achilles
89%
Olympian Gods Goddess of Seasons Demeter
89%
House of Hades Death Incarnate Thanatos
87%
House of Hades Sleep Incarnate Hypnos
86%
Other Stygian Boatman Charon
84%
House of Hades Training Dummy Skelly
83%
Other Primordial Originator Chaos
81%
House of Hades Duty-Bound Gorgon Dusa
81%
Bosses Guards the passage to Elysium Lernie
79%
House of Hades Court Musician Orpheus
78%
Other Goddess of Verdure Persephone
77%
Other Tortured Soul Sisyphus
77%
Bosses Hero of Athens Theseus
75%
Bosses First of the Furies Megaera
72%
Other Fallen Warrior Patroclus
65%
Bosses Bull of Minos Asterius
64%
Bosses Tormentor of Passions Alecto
63%
Other Carefree Muse Eurydice
62%
Bosses Tormentor of Murder Tisiphone
62%
No matching quizzes found
Score Distribution
Percent of People with Each Score
Percentile by Number Answered
Your Score History
You have not taken this quiz since the last reset